000 00585nam a22002177a 4500
001 00028934
005 20260428191949.0
008 260428b ag ||||| |||| 00| 0 spa d
020 _a8475836690
040 _aAR-CcCEOS
_bspa
_cAR-CcCEOS
041 _aspa
080 _a94(4)"14/16"
090 _bMUN v.1
245 _aEl Mundo del RENACIMIENTO :
_bVolumen I /
_cC. F. Black (et.al)
264 _aBarcelona :
_bFolio,
_c1994.
300 _a105 p. ;
_c24x18 cm.
490 _vAtlas culturales del mundo
650 0 _ahistoria
_990
655 0 _aarte
_9138
942 _2udc
_cBK
_n0
999 _c28986
_d28986